LIBRARY & INFORMATION CENTRE, KCAET, TAVANUR

ONLINE PUBLIC ACCESS CATALOGUE (OPAC)

Development and evaluation of biodegradable plastic using banana peel starch (Record no. 16312)

MARC details
000 -LEADER
fixed length control field 00548nam a22001577a 4500
003 - CONTROL NUMBER IDENTIFIER
control field OSt
082 ## - DEWEY DECIMAL CLASSIFICATION NUMBER
Classification number 664
Item number PEE/DE
100 ## - MAIN ENTRY--AUTHOR NAME
Personal name Peeyush Kumar Meena
100 ## - MAIN ENTRY--AUTHOR NAME
Personal name Raju Prajapati
100 ## - MAIN ENTRY--AUTHOR NAME
Personal name Shreyash Sherekar
245 ## - TITLE STATEMENT
Title Development and evaluation of biodegradable plastic using banana peel starch
260 ## - PUBLICATION, DISTRIBUTION, ETC. (IMPRINT)
Place of publication Tavanur
Name of publisher Department of Food and Agricultural Process Engineering
Year of publication 2020
700 ## - ADDED ENTRY--PERSONAL NAME
Personal name Sreeja, R
856 ## - ELECTRONIC LOCATION AND ACCESS
Uniform Resource Identifier https://drive.google.com/file/d/1Fz46QupBanPKc9RbAbZnM3G_FX7a4tS0/view?usp=sharing
942 ## - ADDED ENTRY ELEMENTS (KOHA)
Koha item type Project Report
Holdings
Collection code Home library Current library Shelving location Full call number Accession Number Koha item type
General Books KAUAET KAUAET Reference 664 PEE/DE P 473 Project Report
free website counter